[Event "IRT Memorial Ellen Cristine Giese"]
[Site "Clube Portugues de Niteroi"]
[Date "2023.04.24"]
[Round "4.1"]
[White "Daniel Rangel"]
[Black "Gilvan Nobrega dos Santos"]
[Result "1-0"]
[WhiteElo "2193"]
[BlackElo "1868"]
[Annotator "Carvalho"]
[PlyCount "118"]
[EventDate "2023.04.21"]
[EventRounds "6"]
[EventCountry "BRA"]

{[%evp 0,38,80,-59,31,-30,72,23,21,37,54,29,29,42,36,35,38,38,24,27,37,38,37,
27,62,47,49,45,60,59,38,11,71,70,84,79,81,61,100,84,162]} 1. c4 {[%eval 23,0]}
Nf6 {[%eval 29,0]} 2. d4 {[%eval 16,0]} c5 $6 {[%eval 93,0] Inaccuracy. e6 was
best.} (2... e6 3. Nf3 d5 4. Nc3 Bb4 5. cxd5 exd5 6. Bg5 h6 7. Bh4) 3. d5 {
[%eval 75,0]} b5 {[%eval 83,0]} 4. cxb5 {[%eval 8,0]} a6 {[%eval 74,0]} 5. b6 {
[%eval 27,0]} Qxb6 {[%eval 28,0]} 6. Nc3 {[%eval 54,0]} d6 {[%eval 44,0]} 7.
Nf3 {[%eval 43,0]} g6 {[%eval 85,0]} 8. e4 {[%eval 32,0]} Nbd7 {[%eval 41,0]}
9. Bd3 {[%eval 27,0]} Bg7 {[%eval 28,0]} 10. O-O {[%eval 39,0]} O-O {[%eval 28,
0]} 11. h3 {[%eval 29,0]} Qc7 {[%eval 68,0]} 12. Re1 {[%eval 71,0]} Bb7 {
[%eval 94,0]} 13. Bf4 {[%eval 85,0]} Nb6 {[%eval 121,0]} 14. Rc1 {[%eval 113,0]
} Nfd7 {[%eval 131,0]} 15. Bf1 {[%eval 135,0]} Rfd8 {[%eval 104,0]} 16. Qd2 {
[%eval 136,0]} Qb8 {[%eval 164,0]} 17. Nd1 $6 {[%eval 91,0] Inaccuracy. a4 was
best.} (17. a4 a5 18. b3 Ba6 19. Nb5 Bxb5 20. Bxb5 Rf8 21. h4 h5 22. Bh6 Nf6
23. e5 Ng4) 17... a5 {[%eval 8,0]} 18. Ne3 {[%eval 65,0]} Ba6 $6 {[%eval 124,0]
Inaccuracy. Nf6 was best.} (18... Nf6 19. Ng4) 19. Ng4 $6 {[%eval 49,0]
Inaccuracy. Bxa6 was best.} (19. Bxa6 Rxa6) 19... Rf8 $2 {[%eval 182,0]
Mistake. Bxf1 was best.} (19... Bxf1 20. Kxf1) 20. Bh6 {[%eval 153,0]} f6 {
[%eval 105,0]} 21. Bxg7 {[%eval 145,0]} Kxg7 {[%eval 145,0]} 22. Qh6+ {[%eval
135,0]} Kg8 {[%eval 154,0]} 23. Nh4 {[%eval 151,0]} Qe8 {[%eval 136,0]} 24. Rc3
{[%eval 85,0]} Kh8 {[%eval 119,0]} 25. Bxa6 {[%eval 142,0]} Rxa6 {[%eval 132,0]
} 26. Qd2 {[%eval 108,0]} Ne5 {[%eval 103,0]} 27. f4 {[%eval 64,0]} Nxg4 {
[%eval 64,0]} 28. hxg4 {[%eval 61,0]} Nd7 {[%eval 63,0]} 29. Rh3 {[%eval 65,0]}
Rg8 {[%eval 84,0]} 30. Nf3 {[%eval 81,0]} Rb6 $6 {[%eval 191,0] Inaccuracy.
Rg7 was best.} (30... Rg7) 31. g5 $6 {[%eval 94,0] Inaccuracy. e5 was best.} (
31. e5 fxe5 32. fxe5 dxe5 33. Nxe5 Nxe5 34. Rxe5 Rf8 35. Qxa5 Qf7 36. Qe1 Rf6
37. Qe3 Rf1+) 31... Rb4 $6 {[%eval 177,0] Inaccuracy. Qb8 was best.} (31... Qb8
) 32. Qc3 {[%eval 119,0]} Rg7 {[%eval 131,0]} 33. gxf6 {[%eval 143,0]} exf6 $6
{[%eval 245,0] Inaccuracy. Nxf6 was best.} (33... Nxf6 34. Ng5) 34. e5 {
[%eval 235,0]} fxe5 {[%eval 244,0]} 35. fxe5 {[%eval 239,0]} Kg8 {[%eval 259,0]
} 36. e6 {[%eval 228,0]} Nb6 {[%eval 228,0]} 37. a3 {[%eval 218,0]} Rf4 {
[%eval 265,0]} 38. Qxa5 {[%eval 252,0]} Nxd5 $6 {[%eval 357,0] Inaccuracy. Nc4
was best.} (38... Nc4) 39. Qd2 {[%eval 399,0]} Rf5 {[%eval 401,0]} 40. Nh4 {
[%eval 366,0]} Nf4 {[%eval 396,0]} 41. Rf3 {[%eval 396,0]} Re5 {[%eval 388,0]}
42. Rxf4 {[%eval 386,0]} Rxe1+ {[%eval 399,0]} 43. Qxe1 {[%eval 396,0]} g5 {
[%eval 394,0]} 44. Rg4 {[%eval 376,0]} gxh4 {[%eval 468,0]} 45. Qxh4 {[%eval
524,0]} Rg6 {[%eval 532,0]} 46. Rxg6+ {[%eval 506,0]} hxg6 {[%eval 569,0]} 47.
Qf6 {[%eval 588,0]} d5 {[%eval 508,0]} 48. a4 {[%eval 681,0]} Qxa4 $6 {[%eval
1096,0] Inaccuracy. Kh7 was best.} (48... Kh7 49. a5 d4 50. Qf7+ Qxf7 51. exf7
Kg7 52. a6 Kxf7 53. Kf2 g5 54. a7 Kf6 55. Ke2) 49. Qf7+ {[%eval 917,0]} Kh8 {
[%eval 901,0]} 50. Qf6+ {[%eval 1022,0]} Kg8 {[%eval 1109,0]} 51. Qxg6+ {
[%eval 1075,0]} Kh8 {[%eval 877,0]} 52. Qh5+ {[%eval 992,0]} Kg7 {[%eval 1017,
0]} 53. Qe5+ $4 {[%eval 275,0] Blunder. Qf7+ was best.} (53. Qf7+ Kh6 54. Qf6+
Kh7 55. e7 Qd1+ 56. Kh2 Qh5+ 57. Kg3 Qe8 58. Kh4 c4 59. Qf8 Qxf8) 53... Kf8 $4
{[%eval 1438,0] Blunder. Kg6 was best.} (53... Kg6 54. e7 Kf7 55. Qxd5+ Kxe7
56. Qxc5+ Kd7 57. Qd5+ Kc7 58. Qe5+ Kd8 59. g3 Qc2 60. Qd4+) 54. Qf6+ {[%eval
1503,0]} Kg8 {[%eval 1324,0]} 55. Qg6+ {[%eval 977,0]} Kh8 {[%eval 1092,0]} 56.
Qh5+ {[%eval 856,0]} Kg8 {[%eval 908,0]} 57. Qg5+ {[%eval 1100,0]} Kf8 {
[%eval 1534,0]} 58. Qd8+ {[%eval 982,0]} Kg7 {[%eval 1605,0]} 59. Qd7+ {
[%eval 1543,0]} Kf6 {[%eval 1701,0] 1-0 White wins. Precisão: Brancas 92%
Pretas 90%} 1-0